| 000 | 01162cam a22003375a 4500 | ||
|---|---|---|---|
| 001 | ybp11955182 | ||
| 003 | OSt | ||
| 005 | 20160222142008.0 | ||
| 008 | 140707s2014 enka frb 001 0 eng d | ||
| 020 | _z9780745670287 (pbk.) | ||
| 020 | _z0745670288 (pbk.) | ||
| 040 |
_aNhCcYBP _cNhCcYBP _beng _dEG-ScBUE |
||
| 082 | 0 | 4 |
_a331.137 _222 _bJAN |
| 100 | 1 |
_aJanoski, Thomas. _939414 |
|
| 245 | 1 | 4 |
_aThe causes of structural unemployment : _bfour factors that keep people from the jobs they deserve / _cThomas Janoski, David Luke, and Christopher Luke. |
| 260 |
_aCambridge ; _aMalden : _bPolity Press, _c2014. |
||
| 300 |
_axiv, 224 p. : _bill. ; _c24 cm. |
||
| 490 | 0 | _aWork & society series. | |
| 500 | _aDescription based on print version record. | ||
| 500 | _aIncludes indexes. | ||
| 504 | _aBibliography : p. 190-213. | ||
| 650 | 0 |
_aStructural unemployment. _2BUEsh |
|
| 650 | 0 |
_aLabor market. _2BUEsh _927504 |
|
| 651 | _2BUEsh | ||
| 653 |
_bBUSECO _cFebruary2016 |
||
| 700 | 1 | _aLuke, David. | |
| 700 | 1 | _aOliver, Christopher. | |
| 710 | 2 | _aebrary, Inc. | |
| 776 | 0 | 8 |
_cOriginal _z9780745670270 _z074567027X _z9780745670287 _z0745670288 |
| 942 | _2ddc | ||
| 999 |
_c21213 _d21185 |
||